The age of permanent revolution

Zapisane w:
Opis bibliograficzny
1. autor: Deutscher, Isaac
Format: Książka
Język:Undetermined
Wydane: New York Dell Publishing Co, Inc. 1964
Hasła przedmiotowe:
Etykiety: Dodaj etykietę
Nie ma etykietki, Dołącz pierwszą etykiete!
Thư viện lưu trữ: Trung tâm Học liệu Trường Đại học Cần Thơ
LEADER 00505nam a2200181Ia 4500
001 CTU_81823
008 210402s9999 xx 000 0 und d
082 |a 335.4 
082 |b D486 
100 |a Deutscher, Isaac 
245 4 |a The age of permanent revolution 
245 0 |c Isaac Deutscher 
260 |a New York 
260 |b Dell Publishing Co, Inc. 
260 |c 1964 
650 |a Communism,Revolutions,Socialism 
904 |i Trọng Hải 
980 |a Trung tâm Học liệu Trường Đại học Cần Thơ